Cricket: Most Test Wickets in a Calendar Year - Statistics

General Stats
  • This quiz has been taken 24 times
  • The average score is 23 of 26
Answer Stats
Country Year Wickets Average Answer % Correct
AUS 2005 96 22.02 Shane Warne
100%
AUS 1993 72 23.56 Shane Warne
100%
AUS 1994 70 18.20 Shane Warne
100%
AUS 2004 70 24.07 Shane Warne
100%
AUS 1997 68 24.42 Shane Warne
100%
AUS 2002 67 19.55 Shane Warne
100%
WI 2000 66 18.69 Courtney Walsh
96%
AUS 2001 68 21.66 Glenn McGrath
96%
AUS 1999 67 21.26 Glenn McGrath
96%
IND 1983 75 23.18 Kapil Dev
96%
IND 1979 74 23.24 Kapil Dev
96%
SL 2006 90 16.90 Muttiah Muralitharan
96%
SL 2001 80 21.23 Muttiah Muralitharan
96%
SL 2000 75 19.50 Muttiah Muralitharan
96%
SL 1998 68 18.47 Muttiah Muralitharan
96%
SA 2008 74 20.01 Dale Steyn
91%
AUS 1981 85 20.95 Dennis Lillee
87%
WI 1984 73 20.15 Malcolm Marshall
87%
IND 2016 72 23.90 Ravichandran Ashwin
87%
SA 1998 69 20.44 Shaun Pollock
87%
IND 2004 74 24.83 Anil Kumble
83%
SA 1998 80 19.63 Allan Donald
78%
ENG 2005 68 24.41 Andrew Flintoff
78%
WI 1984 77 20.83 Joel Garner
65%
ENG 2004 67 23.92 Steve Harmison
61%
AUS 1964 71 24.46 Graham McKenzie
26%
No matching quizzes found
Score Distribution
Percent of People with Each Score
Percentile by Number Answered
Your Score History
You have not taken this quiz